000 00760cam a2200241 a 4500
001 2540142
005 20180301035154.0
008 940209s1994 nyua b 001 0 eng
010 _a 94004631
020 _a0070075670
040 _aDLC
_cDLC
_dDLC
041 _aeng
043 _an-us---
080 _a658.812
082 0 0 _a658.812 BRE
_220
100 1 _a54
101 _aLID
245 1 0 _aWarranties :
_cJames R. Brennan.
504 _aIncludes bibliographical references (p. 213) and index.
906 _a7
_bcbc
_corignew
_d1
_eocip
_f19
_gy-gencatlg
942 _2ddc
_cBK
999 _c43766
_d43766